000 00481nam a2200181Ia 4500
003 GCL
008 140319s9999 xx 000 0 ara d
040 _aGCL /
_cGCL
082 0 4 _aط
_b372.52
_bد ا
100 1 _aدار المعارف
245 1 0 _aالوان /
_cدار المعارف
490 _aمجموعة كلماتى المصورة
_v0
650 0 4 _aالتعليم
650 0 4 _aالاطفال
650 0 4 _aالرسم
650 0 4 _aالالوان
942 _2ddc
_cBK
999 _c51470
_d51470